Nové způsoby krychlení dříví /

Uložené v:
Podrobná bibliografia
Hlavní autori: Bozděch, Jiří (Author), Rada, Petr (Author)
Médium: Kniha
Jazyk:Czech
Vydané: Praha : Státní zemědělské nakladatelství, 1983.
Vydanie:1. vyd.
ISBN: (brož.)
Fyzický popis: 165 s. : obr., tb. ; 20 cm.
Tagy: Pridať tag
Žiadne tagy, Buďte prvý kto otaguje tento záznam!

MARC

LEADER 00000nam a2200000 4500
001 000186355
005 20100109131151.0
008 830517s1983 xr cze d
020 |a (brož.) 
040 |a SVKKK  |b slo  |c SVKKK  |e AACR2 
041 0 |a cze 
044 |a xr  |c CZ 
100 1 |a Bozděch, Jiří  |4 aut 
245 1 0 |a Nové způsoby krychlení dříví /  |c Jiří Bozděch, Petr Rada. 
250 |a 1. vyd. 
260 |a Praha :  |b Státní zemědělské nakladatelství,  |c 1983. 
300 |a 165 s. :  |b obr., tb. ;  |c 20 cm. 
366 |e 3000 výt. 
500 |a Obálka Jiří Figer 
500 |a Vydavateľ: min. lesního a vodního hosp. ČSR 
500 |a Nepredajné 
500 |a Rozmn. 
700 1 |a Rada, Petr  |4 aut 
910 |a svkkk 
998 |a BK 
090 |g SCKHL  |k Sklad Pribinova 2. posch.  |a II.281383  |j 668671  |i 186355-10  |s Absenčne